000 00876nam a2200301Ia 4500
003 OSt
005 20221006142924.0
006 a|||||r|||| 00| 0
007 ta
008 221006b |||||||| |||| 00| 0 eng d
020 _a0691619042
_c
_10.50
020 _a9780691619040
024 _a7,546
037 _cTextual
040 _aEASL
_cEASL
_beng
041 _2eng
_aeng
082 _aV42:594.N36, L3
100 _aSHILLONY Ben-Ami
_9648740
245 0 _aRevolt in Japan
_b The young officers and the February 26, 1936 incident
260 _aPrinceton
_bPrinceton University Press New Jersey
_c1973
300 _a278p.
_ccm.
490 _v JEL
650 _a Japan - Aftermath
_9648741
650 _a JEL
650 _aJapan - Showa restoration
_9648742
942 _hV42:594.N36, L3
_cTEXL
_2CC
999 _c1075632
_d1075632